000 00260nam a2200109Ia 4500
008 220204s9999 xx 000 0 und d
082 _a334.1
_bBAL
100 _aBALAN, T S
245 0 _aCooperation
260 _aTrichur
_bCooperative college
_c1977
942 _cBK
999 _c28766
_d28766